Estudios de derecho procesal administrativo (Registro nro. 10842)

000 -CABECERA
Campo de control de longitud fija 01919nam a22003017a 4500
003 - IDENTIFICADOR DEL NÚMERO DE CONTROL
Campo de control OSt
005 - FECHA Y HORA DE LA ÚLTIMA TRANSACCIÓN
Campo de control 20260414092437.0
008 - CÓDIGOS DE INFORMACIÓN DE LONGITUD FIJA
Campo de control de longitud fija 260414t2013 xxu||||| |||| 00| 0 spa d
020 ## - NÚMERO INTERNACIONAL NORMALIZADO PARA LIBROS (ISBN)
Número Internacional Normalizado para Libros (ISBN) 9789587492453
040 ## - FUENTE DE LA CATALOGACIÓN
Centro catalogador de origen Unicoc
Lengua de catalogación spa
Centro que cataloga Bogotá (Dr. David Ordóñez Rueda) - Campus Norte
Centro modificador Bogotá (Dr. David Ordóñez Rueda) - Campus Norte
082 ## - NÚMERO DE LA CLASIFICACIÓN DECIMAL DEWEY
Número de clasificación 342.066
100 ## - PUNTO DE ACCESO PRINCIPAL - NOMBRE DE PERSONA
9 (RLIN) 9594
Nombre de persona Arias García, Fernando
245 ## - MENCIÓN DE TÍTULO
Título Estudios de derecho procesal administrativo
Subtitulo o Resto del título : Ley 1437 de 2011 y código general del proceso
Mención de responsabilidad etc. / Fernando Arias García
250 ## - MENCIÓN DE EDICIÓN
Mención de edición 1 Ed.
260 ## - PUBLICATION, DISTRIBUTION, ETC. (IMPRINT)
Lugar de publicación distribución etc. Bogotá :
Nombre del editor distribuidor etc. Universidad Santo Tomás ,
-- Grupo Editorial Ibañez ,
Fecha de publicación distribución etc. 2013.
300 ## - DESCRIPCIÓN FÍSICA
Extensión 472 páginas
500 ## - NOTA GENERAL
Nota general Incluye Bibliografía
505 ## - NOTA DE CONTENIDO CON FORMATO
Título Capítulo I: estudio preliminar medios de control contencioso-administrativo. --
-- Capítulo II: El procedimiento administrativo en la ley 1437 de 2011. --
-- Capítulo III: La estructura del proceso contencioso administrativo en la ley 1437 de 2011 y descongestión de la jurisdicción contenciosa administrativa. --
-- Capítulo IV: Poderes probatorios del juez en la ley 1437 de 2011. --
-- Capítulo V: Valor vinculante de las sentencias de unificación del consejo de estado. --
-- Capítulo VI: medidas cautelares en el proceso contencioso administrativo. --
-- Capítulo VII: Conflictos contractuales de operadores de servicios públicos en la ley 1437 de 2011. --
-- Capítulo VIII: El impacto del código general del proceso en la jurisdicción contenciosa administrativa. --
526 ## - NOTA DE INFORMACIÓN SOBRE EL PROGRAMA DE ESTUDIO
Institución que aplica el campo Unicoc
546 ## - NOTA DE LENGUA
Nota de lengua Español
650 #0 - PUNTO DE ACCESO ADICIONAL DE MATERIA - TÉRMINO DE MATERIA
9 (RLIN) 554
Término de materia o nombre geográfico como elemento inicial Derecho administrativo
Subdivisión de materia general Legislación
Subdivisión geográfica Colombia
650 #0 - PUNTO DE ACCESO ADICIONAL DE MATERIA - TÉRMINO DE MATERIA
9 (RLIN) 5410
Término de materia o nombre geográfico como elemento inicial Ley 1437 de 2011
650 #0 - PUNTO DE ACCESO ADICIONAL DE MATERIA - TÉRMINO DE MATERIA
9 (RLIN) 553
Término de materia o nombre geográfico como elemento inicial Derecho procesal.
650 #0 - PUNTO DE ACCESO ADICIONAL DE MATERIA - TÉRMINO DE MATERIA
9 (RLIN) 549
Término de materia o nombre geográfico como elemento inicial Procedimiento administrativo
658 #0 - TÉRMINO DE INDIZACIÓN - OBJETIVO CURRICULAR
9 (RLIN) 8008
Programa Académico Programa de Derecho
856 ## - LOCALIZACIÓN Y ACCESO ELECTRÓNICOS
Texto del enlace Acceso online exclusivo para comunidad Unicoc.
Identificador Uniforme del Recurso (URI) https://unicoceduco-my.sharepoint.com/:b:/g/personal/direccionbiblioteca_unicoc_edu_co/IQA-7LmtZUirRYzhf5pBMEjVAXiIIfFFhYQsWPsNT9sdKaE
942 ## - ENTRADA PARA ELEMENTOS AGREGADOS (KOHA)
Fuente de clasificación o esquema de ordenación en estanterías
Koha [por defecto] tipo de item Libro electrónico
Existencias
Estado de pérdida Código de colección No para préstamo Fuente de clasificación o esquema de ordenación en estanterías Precio Fuente de adquisición Código de barras Localización actual Fecha de adquisición Tipo de item de Koha Localización permanente Estropeado Fecha última consulta Fecha del precio de reemplazo Signatura completa
 Coleccion Online  200000.00CompraEbook10842Bogotá (Dr. David Ordóñez Rueda) - Campus Norte2026-04-14Libro electrónicoBogotá (Dr. David Ordóñez Rueda) - Campus Norte 2026-04-142026-04-14342.066

© 2014 UNICOC | Institución Universitaria Colegios de Colombia - UNICOC
Bogotá D.C. Autopista Norte Km. 20. Teléfono:(571)6683535
Cali: Calle 13 Norte No. 3N-13. Teléfono: (572)6608887

Con tecnología de Koha